¡Viva la diferencia! : (Record no. 11074)
[ view plain ]
| 000 -LEADER | |
|---|---|
| fixed length control field | 01548nam a22001817a 4500 |
| 008 - FIXED-LENGTH DATA ELEMENTS--GENERAL INFORMATION | |
| fixed length control field | 250901b ||||| |||| 00| 0 spa d |
| 020 ## - INTERNATIONAL STANDARD BOOK NUMBER | |
| International Standard Book Number | 978-950-49-2796-9 |
| 040 ## - CATALOGING SOURCE | |
| Original cataloging agency | AR-FvUNAJ |
| Modifying agency | AR-FvUNAJ |
| Description conventions | aacr2 |
| 082 14 - DEWEY DECIMAL CLASSIFICATION NUMBER | |
| Edition number | 14 |
| Classification number | 158.1 |
| 100 1# - MAIN ENTRY--PERSONAL NAME | |
| Personal name | Sordo, Pilar |
| Dates associated with a name | 1965- |
| 9 (RLIN) | 21881 |
| 245 11 - TITLE STATEMENT | |
| Title | ¡Viva la diferencia! : |
| Remainder of title | (... y el complemento también). Lo femenino y lo masculino / |
| Statement of responsibility, etc | Pilar Sordo. |
| 260 ## - PUBLICATION, DISTRIBUTION, ETC. (IMPRINT) | |
| Place of publication, distribution, etc | Buenos Aires : |
| Name of publisher, distributor, etc | Planeta, |
| Date of publication, distribution, etc | 2014. |
| 300 ## - PHYSICAL DESCRIPTION | |
| Extent | 190 p. |
| 520 ## - SUMMARY, ETC. | |
| Summary, etc | Desmintiendo la malentendida idea de que hombres y mujeres son iguales, en este libro la reconocida psicóloga Pilar Sordo plantea la posibilidad de “ir más allá de los géneros”, al admitir que hombres y mujeres somos absolutamente distintos. Gracias a esta visión —que establece la necesidad de aceptarnos en la totalidad de nuestro ser, con todo lo que esto implica—, surge la posibilidad de evitar la competencia que ha ido aumentando progresivamente entre ambos géneros.<br/>¡Viva la diferencia! (... y el complemento también) invita a equilibrar y complementar los aspectos masculinos y femeninos que habitan dentro de nosotros, orientándonos con una serie de consejos prácticos que nos ayudarán a obtener la autonomía para avanzar hacia la plenitud y la estabilidad psicológica.<br/>“No sabemos qué se espera del ser hombre y del ser mujer. Pero no estaría nada de mal que advirtiéramos que tenemos una esencia que respetar, un alma que cuidar" |
| 650 #0 - SUBJECT ADDED ENTRY--TOPICAL TERM | |
| 9 (RLIN) | 9049 |
| Topical term or geographic name as entry element | AUTOAYUDA |
| 942 ## - ADDED ENTRY ELEMENTS (KOHA) | |
| Source of classification or shelving scheme | Dewey Decimal Classification |
| Item type | Libro, folleto, traducción |
| 980 ## - EQUIVALENCE OR CROSS-REFERENCE-SERIES STATEMENT--PERSONAL NAME/TITLE [LOCAL, CANADA] | |
| Linkage | 2 |
| Personal name | Virginia Figueroa |
| Field link and sequence number | 2 |
| Miscellaneous information | Virginia Figueroa |
| Withdrawn status | Lost status | Source of classification or shelving scheme | Damaged status | Not for loan | Home library | Current library | Date acquired | Source of acquisition | Total Checkouts | Full call number | Barcode | Date last seen | Price effective from | Koha item type |
|---|---|---|---|---|---|---|---|---|---|---|---|---|---|---|
| Dewey Decimal Classification | Biblioteca Central | Biblioteca Central | 01/09/2025 | Donación | 158.1 SOR | UNAJ25090009 | 01/09/2025 | 01/09/2025 | Libro, folleto, traducción |